00437nam a2200157Ia 4500008004100000020001800041040001900059041001200078082002500090100002000115245006700135260002600202300002500228650000800253850001800261131103s9999 xx 000 0 und d a0 486 26059 3 aLoreto College aEnglish aREF/DAVbLCBED/13181 aDavis, Courtney aCeltic Heritageb iron - on transfer patterns cCourtney Davis aNew YorkbDoverc1989 a24p.b ill.c 22 cm. aREF aLCBED/REF/DAV